Kenner Star Wars Action Figures - Statistics

General Stats
  • This quiz has been taken 1,316 times
  • The average score is 57 of 96
Answer Stats
Release Year Action Figure % Correct
1977 Luke Skywalker
100%
1980 Luke Skywalker (Bespin Fatigues)
99%
1982 Luke Skywalker (Hoth Battle Gear)
99%
1985 Luke Skywalker (Imperial Stormtrooper Outfit)
99%
1985 Luke Skywalker (in Battle Poncho)
99%
1983 Luke Skywalker (Jedi Knight Outfit)
99%
1978 Luke Skywalker: X-Wing Pilot
99%
1977 Darth Vader
98%
1977 Han Solo
98%
1981 Han Solo (Bespin Outfit)
98%
1980 Han Solo (Hoth Outfit)
98%
1985 Han Solo (in Carbonite Chamber)
98%
1984 Han Solo (in Trench Coat)
98%
1981 Leia (Hoth Outfit)
97%
1980 Leia Organa (Bespin Gown)
97%
1977 Princess Leia Organa
97%
1983 Princess Leia Organa (Boushh Disguise)
97%
1984 Princess Leia Organa (in Combat Poncho)
97%
1977 Artoo-Detoo (R2-D2)
93%
1985 Artoo-Detoo (R2-D2) with pop-up Lightsaber
93%
1982 Artoo-Detoo (R2-D2) (with Sensorscope)
93%
1977 Ben (Obi-Wan) Kenobi
93%
1977 Chewbacca
93%
1982 C-3PO (Removable Limbs)
92%
1977 See-Threepio (C-3PO)
92%
1980 Lando Calrissian
87%
1985 Lando Calrissian (General Pilot)
87%
1983 Lando Calrissian (Skiff Guard Disguise)
87%
1984 The Emperor
87%
1977 Stormtrooper
85%
1980 Imperial Stormtrooper (Hoth Battle Gear)
84%
1979 Boba Fett
83%
1980 Yoda
82%
1978 Greedo
70%
1984 Wicket W. Warrick
69%
1977 Jawa
68%
1983 Admiral Ackbar
63%
1985 Anakin Skywalker
60%
1983 Bib Fortuna
60%
1980 IG-88
60%
1980 Bossk (Bounty Hunter)
58%
1977 Sand People
58%
1981 Lobot
55%
1981 Dengar
54%
1982 Imperial Tie Fighter Pilot
54%
1981 Imperial Commander
53%
1983 Ree-Yees
53%
1980 Rebel Soldier (Hoth Battle Gear)
51%
1983 Emperor's Royal Guard
49%
1982 4-LOM
48%
1982 AT-AT Commander
48%
1978 Hammerhead
48%
1978 Walrus Man
48%
1983 Biker Scout
45%
1983 Nien Nunb
45%
1977 Death Squad Commander
44%
1983 Logray (Ewok Medicine Man)
42%
1978 Snaggletooth
42%
1982 Zuckuss
42%
1983 Chief Chirpa
41%
1978 R5-D4
41%
1983 Rebel Commando
41%
1981 AT-AT Driver
40%
1983 Gamorrean Guard
40%
1978 Power Droid
39%
1978 Death Star Droid
38%
1981 Ugnaught
37%
1984 B-Wing Pilot
36%
1984 Teebo
36%
1982 (Twin-Pod) Cloud Car Pilot
36%
1983 Weequay
36%
1985 A-Wing Pilot
35%
1984 Rancor Keeper
35%
1985 Yak Face
35%
1983 Klaatu
34%
1984 Klaatu (in Skiff Guard Outfit)
34%
1984 Nikto
34%
1984 Paploo
34%
1984 AT-ST Driver
33%
1983 General Madine
33%
1980 Bespin Security Guard
32%
1982 Bespin Security Guard
32%
1981 Rebel Commander
32%
1983 Squid Head
32%
1981 2-1B
31%
1985 Barada
31%
1984 Prune Face
31%
1984 8D8
30%
1980 FX-7
30%
1985 Amanaman
29%
1985 EV-9D9
29%
1985 Imperial Gunner
28%
1985 Imperial Dignitary
27%
1984 Lumat
27%
1985 Romba
26%
1985 Warok
26%
No matching quizzes found
Score Distribution
Percent of People with Each Score
Percentile by Number Answered
Your Score History
You have not taken this quiz